02013cam a2200397 i 4500001001000000003000600010005001700016008004100033010001500074020001800089020001500107035002100122040012300143042000800266050002000274050002000294082002000314245013700334246005400471246004700525250001900572264004600591300002900637336002600666337002800692338002700720490003100747505016500778520048700943650002801430650003201458655004401490700004001534700002101574700002001595878914568OCoLC20241126110726.0140516s2013 enk d 000 0 eng  a2013388933 a9780199659623 a0199659621 a(OCoLC)878914568 aDLCbengerdacDLCdDEBBGdCUDdOCLCFdOCLdNZTPMdOCLCQdYDXdOCLCQdOCLCOdRCEdVTSdUKMGBdOCLCAdOCLCQdUKUSRdATH apcc00aBR95b.O82 201300aBR95b.O82 201300a270.03223bCON04aThe concise Oxford dictionary of the Christian Church /c[edited by] E.A. Livingstone ; assisted by M.W.D. Sparks and R.W. Peacocke.14aOxford concise dictionary of the Christian Church30aConcise dictionary of the Christian Church aThird edition. 1aOxford :bOxford University Press,c2013. aviii, 632 pages ;c20 cm atextbtxt2rdacontent aunmediatedbn2rdamedia avolumebnc2rdacarrier0 aOxford Paperback reference0 aAbbreviations -- Christian church [entries] -- Chronological list of popes and antipopes -- Chronological list of Archbishops of Canterbury -- Useful web links. aOver 6,000 entries provide authoritative coverage of theology, patristic scholarship, churches and denominations across the world, canon law, and the church calendar, as well as entries on theologians, philosophers, artists, musicians, and mystics. The third edition has been updated to reflect recent changes in the Church. Over 100 new entries cover topics such as the Antonian Movement, dispensationalism, Heilsgeschichte, Alvin Plantinga, Garima Gospels, and Intelligent Design. 0aTheologyvDictionaries. 0aChristianityvDictionaries. 7aDictionaries.2fast0(OCoLC)fst014238261 aLivingstone, Elizabeth A.,eeditor.1 aSparks, M. W. D.1 aPeacocke, R. W.